000 00500nam a2200193 a 4500
001 1763019238033
003 YourLibrary
005 20251114111525.0
008 251113s2004##################000#0#eng##
020 _a9780486437460
082 0 4 _a895.6332DE
100 1 _aBenneville, James S. De,
_eauthor.
245 1 0 _aTales of the Samurai :
260 _bCourier Corporation,
_c2004.
300 _a532 pages
650 0 _aFiction.
942 _cENGLISH
040 _aYourLibrary
_beng
_cYourLibrary
999 _c597482
_d597482